Vývoz bez utrpenia Za prosperitou v obchode dáva bodku uhradená faktúra

Štátna forma podpory exportu. Založenie spoločnosti na podporu exportu podnikateľských subjektov - Spoločnosť pre poistenie exportných úverov SPE so sídlom v Bratislave. Styk podnikateľov s SPE. Exportné riziká - komerčné a politické. Analýza rizík pri podpisovaní zmlúv SPE s vývozcom. Poistné sadzb...

Descrizione completa

Salvato in:
Dettagli Bibliografici
Autore principale: Seifertová, Iveta
Natura: Capitolo di libro
Lingua:slovacco
Soggetti:
Tags: Aggiungi Tag
Nessun Tag, puoi essere il primo ad aggiungerne!!

MARC

LEADER 00000naa a2200000 4500
001 r017206
005 20221205102730.4
041 0 |a slo 
044 |a SK 
245 1 0 |a Vývoz bez utrpenia  |b Za prosperitou v obchode dáva bodku uhradená faktúra  |c I. Seifertová 
520 |a Štátna forma podpory exportu. Založenie spoločnosti na podporu exportu podnikateľských subjektov - Spoločnosť pre poistenie exportných úverov SPE so sídlom v Bratislave. Styk podnikateľov s SPE. Exportné riziká - komerčné a politické. Analýza rizík pri podpisovaní zmlúv SPE s vývozcom. Poistné sadzby vývozcov s SPE. Úverové poistenie ako nástroj znižovania rizík z nezaplatenia a najjednoduchšia forma zaistenia sa voči nezaplateniu. 
610 2 0 |a poistenie záujmov zahraničných 
610 2 0 |a poistenie úverové 
610 2 0 |a poistné 
610 2 0 |a vývoz 
610 2 0 |a riziko 
610 2 0 |a insolventnosť 
610 2 0 |a podpora vývozu 
610 2 0 |a Spoločnosť pre poistenie exportných úverov, a.s. Bratislava 
100 1 |a Seifertová, Iveta